000 00849nam a22002297a 4500
999 _c13379
_d13379
008 190309b ||||| |||| 00| 0 eng d
020 _a9781119026266
082 _22013
_aAV-CD 158.3
_bH718
100 _aHohenshil,Thomas H.
_937392
245 _aCounseling Around the World:
_bAn International Handbook /
_cThomas H. Hohenshil, Norman E. Amundson, and Spencer G. Niles.
250 _aFirst Edition
260 _bAmerican Counseling Association
_c©2013.
300 _a472 pages;
500 _aIncludes index.
650 _aCounseling.
_937393
650 _aCross-cultural counseling.
_99296
700 _aHohenshil, Thomas H.
_937394
700 _aAmundson, Norman E.
_937395
700 _aNiles, Spencer G.
_937396
856 _yhttps://ebookcentral.proquest.com/lib/uniofmindanao-ebooks/detail.action?docID=1895269
942 _2ddc
_cEB